| 000 | 00889nam a2200289 a 4500 | ||
|---|---|---|---|
| 001 | 587 | ||
| 003 | BR-CuiBMT | ||
| 005 | 20231127035830.0 | ||
| 008 | 231109r2012 bab 000 0 por d | ||
| 020 | _a8577614441 | ||
| 040 |
_aBR-CuiBMT _cBR-CuiBMT |
||
| 080 |
_22007 _a347.91/.95 |
||
| 090 |
_a347.91/.95 _bD556c _c7. ed. |
||
| 100 | 1 |
_aDidier Junior, Fredie, _d1974- |
|
| 245 | 1 | 0 |
_aCurso de direito processual civil / _cFredir Didier Jr., Hermes Zaneti Jr. |
| 250 | _a7. ed., rev., ampl. e atual. | ||
| 260 |
_aSalvador : _bJusPODIVM, _c2012. |
||
| 300 |
_a6 v. ; _c24 cm |
||
| 504 | _aInclui bibliografia. | ||
| 505 | 1 | _av. 4. Processo coletivo | |
| 590 | _aA Biblioteca possui apenas o volume 4. | ||
| 650 |
_aDireito civil _zBrasil |
||
| 650 |
_aProcesso civil _zBrasil |
||
| 650 |
_aProcesso coletivo _zBrasil |
||
| 700 | 1 |
_aZaneti JĂșnior, Hermes, _d1943- |
|
| 942 |
_2udc _cLV |
||
| 999 |
_c587 _d587 |
||